<?xml version="1.0" encoding="UTF-8"?>
<record
    xmlns:xsi="http://www.w3.org/2001/XMLSchema-instance"
    xsi:schemaLocation="http://www.loc.gov/MARC21/slim http://www.loc.gov/standards/marcxml/schema/MARC21slim.xsd"
    xmlns="http://www.loc.gov/MARC21/slim">

  <leader>01255cam a2200373 a 4500</leader>
  <datafield tag="999" ind1=" " ind2=" ">
    <subfield code="c">7547</subfield>
    <subfield code="d">7547</subfield>
  </datafield>
  <controlfield tag="001">991000940459706706</controlfield>
  <controlfield tag="003">OSt</controlfield>
  <controlfield tag="005">20211216121746.0</controlfield>
  <controlfield tag="008">910429s1991    spc||||       000 ||spa c</controlfield>
  <datafield tag="015" ind1=" " ind2=" ">
    <subfield code="a">LL2010</subfield>
    <subfield code="2">bnc</subfield>
  </datafield>
  <datafield tag="017" ind1=" " ind2=" ">
    <subfield code="a">DL B. 9077-1991</subfield>
    <subfield code="b">Biblioteca de Catalunya</subfield>
  </datafield>
  <datafield tag="020" ind1=" " ind2=" ">
    <subfield code="a">8474261767</subfield>
  </datafield>
  <datafield tag="035" ind1=" " ind2=" ">
    <subfield code="a">(ES-BaCBU)b10211822-34csuc_network</subfield>
  </datafield>
  <datafield tag="035" ind1=" " ind2=" ">
    <subfield code="a">(ES-BaCBU).b10211822</subfield>
  </datafield>
  <datafield tag="035" ind1=" " ind2=" ">
    <subfield code="a">(ccuc001)b10211822</subfield>
  </datafield>
  <datafield tag="035" ind1=" " ind2=" ">
    <subfield code="a">(OCoLC)801864136</subfield>
  </datafield>
  <datafield tag="040" ind1=" " ind2=" ">
    <subfield code="a">ES-BaCBU</subfield>
    <subfield code="b">cat</subfield>
    <subfield code="c">ES-BaCBU</subfield>
    <subfield code="d">CDMR</subfield>
  </datafield>
  <datafield tag="080" ind1=" " ind2=" ">
    <subfield code="a">316.77:323.28(460)</subfield>
  </datafield>
  <datafield tag="080" ind1=" " ind2=" ">
    <subfield code="a">323.28:316.77(460)</subfield>
  </datafield>
  <datafield tag="090" ind1=" " ind2=" ">
    <subfield code="a">KKT4450</subfield>
    <subfield code="b">.R63 1991</subfield>
  </datafield>
  <datafield tag="100" ind1="1" ind2=" ">
    <subfield code="a">Rodrigo Alsina, Miquel</subfield>
    <subfield code="9">1468</subfield>
  </datafield>
  <datafield tag="245" ind1="1" ind2="4">
    <subfield code="a">Los Medios de comunicaci&#xF3;n ante el terrorismo /</subfield>
    <subfield code="c">Miquel Rodrigo Alsina</subfield>
  </datafield>
  <datafield tag="260" ind1=" " ind2=" ">
    <subfield code="a">Barcelona :</subfield>
    <subfield code="b">Icaria,</subfield>
    <subfield code="c">DL 1991</subfield>
  </datafield>
  <datafield tag="300" ind1=" " ind2=" ">
    <subfield code="a">157 p. ;</subfield>
    <subfield code="c">21 cm</subfield>
  </datafield>
  <datafield tag="490" ind1="1" ind2=" ">
    <subfield code="a">Icaria antrazyt; 59</subfield>
  </datafield>
  <datafield tag="504" ind1=" " ind2=" ">
    <subfield code="a">Bibliografia</subfield>
  </datafield>
  <datafield tag="650" ind1=" " ind2="0">
    <subfield code="a">Viol&#xE8;ncia en els mitjans de comunicaci&#xF3; de massa</subfield>
    <subfield code="2">thub</subfield>
    <subfield code="9">2772</subfield>
  </datafield>
  <datafield tag="650" ind1=" " ind2="7">
    <subfield code="a">Terrorisme en els mitjans de comunicaci&#xF3; de massa</subfield>
    <subfield code="z">Espanya.</subfield>
    <subfield code="2">lemac</subfield>
  </datafield>
  <datafield tag="830" ind1=" " ind2="0">
    <subfield code="a">Antrazyt</subfield>
  </datafield>
  <datafield tag="907" ind1=" " ind2=" ">
    <subfield code="a">.b10211822</subfield>
    <subfield code="b">15-06-21</subfield>
    <subfield code="c">06-05-08</subfield>
    <subfield code="d">27-08-10</subfield>
    <subfield code="e">m</subfield>
    <subfield code="f">a</subfield>
    <subfield code="g">-</subfield>
    <subfield code="h">spa</subfield>
    <subfield code="i">spc</subfield>
    <subfield code="j">4</subfield>
    <subfield code="k">9</subfield>
  </datafield>
  <datafield tag="908" ind1=" " ind2=" ">
    <subfield code="a">UAB</subfield>
    <subfield code="a">UB</subfield>
    <subfield code="a">UdL</subfield>
    <subfield code="a">UJI</subfield>
    <subfield code="a">UPF</subfield>
    <subfield code="a">BC</subfield>
    <subfield code="a">URL</subfield>
    <subfield code="a">URV</subfield>
    <subfield code="a">UOC</subfield>
    <subfield code="a">ISPC</subfield>
  </datafield>
  <datafield tag="940" ind1=" " ind2=" ">
    <subfield code="a">BC</subfield>
  </datafield>
  <datafield tag="942" ind1=" " ind2=" ">
    <subfield code="2">udc</subfield>
    <subfield code="c">MON</subfield>
  </datafield>
  <datafield tag="952" ind1=" " ind2=" ">
    <subfield code="0">0</subfield>
    <subfield code="1">0</subfield>
    <subfield code="4">0</subfield>
    <subfield code="7">0</subfield>
    <subfield code="a">CDMR</subfield>
    <subfield code="b">CDMR</subfield>
    <subfield code="d">2021-12-16</subfield>
    <subfield code="e">Donaci&#xF3;</subfield>
    <subfield code="g">10.00</subfield>
    <subfield code="l">0</subfield>
    <subfield code="o">Ci 1/62</subfield>
    <subfield code="p">CDMR21120083</subfield>
    <subfield code="r">2021-12-16</subfield>
    <subfield code="w">2021-12-16</subfield>
    <subfield code="y">MON</subfield>
  </datafield>
</record>
